Kdo je American Express?

Spoločnosť American Express - vznik (1841, USA), predmet podnikania. Rýchly rast pobočiek. Dominantná úloha finančných služieb od začiatku 20. storočia. Vznik prvých univerzálne použiteľných platobných kariet v polovici 50. rokov. Od polovice 80. rokov vydávajú platobné karty American Express s vlas...

Descripción completa

Guardado en:
Detalles Bibliográficos
Autor principal: Juřík, Pavel
Formato: Capítulo de libro
Lenguaje:checo
Materias:
Etiquetas: Agregar Etiqueta
Sin Etiquetas, Sea el primero en etiquetar este registro!

MARC

LEADER 00000naa a2200000 4500
001 r030752
005 20230908085834.7
041 0 |a cze 
044 |a CZ 
245 1 0 |a Kdo je American Express?  |c Pavel Juřík 
520 |a Spoločnosť American Express - vznik (1841, USA), predmet podnikania. Rýchly rast pobočiek. Dominantná úloha finančných služieb od začiatku 20. storočia. Vznik prvých univerzálne použiteľných platobných kariet v polovici 50. rokov. Od polovice 80. rokov vydávajú platobné karty American Express s vlastným logom aj niektoré peňažné ústavy v Európe. 
610 2 0 |a karty platobné 
610 2 0 |a USA 
610 2 0 |a história 
610 2 0 |a American Express 
100 1 |a Juřík, Pavel